Language Quiz

Random Language or Spanish Quiz

Spanish: Family Quiz Stats

 Plays Quiz Updated Mar 19, 2020

Support Sporcle.
Go Orange.
Score 0/20 Timer 05:00
15 Plays Today
English Spanish % Correct
Fatherpadre
96.3%
Mothermadre
95.2%
Brotherhermano
92.8%
Aunttía
91.3%
Sisterhermana
89.4%
Uncletío
87.3%
Daughterhija
80.4%
Grandmotherabuela
80.1%
Grandfatherabuelo
79.6%
Sonhijo
78.9%
English Spanish % Correct
Parentspadres
75.4%
Husbandesposo
70.9%
Wifeesposa
70.7%
Cousinprimo or prima
68.4%
Grandsonnieto
42.6%
Granddaughternieta
42.4%
Nephewsobrino
39.9%
Niecesobrina
39.8%
Stepmothermadrastra
27.1%
Stepfatherpadrastro
26.9%

From the Vault

Are You Smarter Than a College Student? XXX

by sproutcm

You've now had 30 tries to figure out if you're smarter than a college student. Spoiler alert: you're not.
Remove Ads.
Support Sporcle.
Get the best of Sporcle when you Go Orange. This ad-free experience offers more features, more stats, and more fun while also helping to support Sporcle. Thank you for becoming a member.

Show Comments

Extras

Top Quizzes Today


Score Distribution

Your Account Isn't Verified!

In order to create a playlist on Sporcle, you need to verify the email address you used during registration. Go to your Sporcle Settings to finish the process.

Report this User

Report this user for behavior that violates our Community Guidelines.

Details: